Landmarks of Duluth, Minnesota - Statistics

General Stats
  • This quiz has been taken 21 times
  • The average score is 9 of 16
Answer Stats
Picture Answer % Correct
Aerial Lift Bridge
100%
Glensheen Mansion
81%
Great Lakes Aquarium
75%
Enger Tower
69%
Minnesota Point
69%
Canal Park
63%
Rose Garden
63%
Richard I. Bong MemorialBridge
56%
William A. Irvin Museum
56%
Duluth Radisson Hotel
50%
John A. Blatnik Bridge
50%
Lake Superior Railroad Museum
50%
Alworth Building
25%
USCGC Sundew
25%
Duluth Pier Lighthouse
19%
Uncle Harvey's Mausoleum
19%
No matching quizzes found
Score Distribution
Percent of People with Each Score
Percentile by Number Answered
Your Score History
You have not taken this quiz